000 00473nam a2200181Ia 4500
001 18564
005 20260306171640.0
008 260306s9999||||xx |||||||||||||| ||und||
041 _aESP
082 _a658.408
_bB 2006
100 _aSchwalb, María Matilde (ed.)
_eAUT
245 0 _aBuenas prácticas peruanas de responsabilidad social empresarial
260 _c2005
300 _a227 páginas :
_ccm.
650 _aGEN
654 _aCAN
942 _cLIB
_dJUS
_fJUS
_2ddc
_n
999 _c18564
_d18564